History Quiz

Random History or Famous Quiz

The First Woman To... Quiz Stats

Quiz Updated May 16, 2015

Challenge
Share
Tweet
Embed
Score 0/25 Timer 06:00
0 Plays Today
% Correct
Amelia Earhart
91.6%
Margaret Thatcher
90.4%
Aretha Franklin
82.6%
Marie Curie
80.4%
Benazir Bhutto
78.8%
Madeleine Albright
76.1%
Sandra Day O'Connor
73.6%
Kathryn Bigelow
63.2%
Valentina Tereshkova
56.4%
Edith Wharton
50.8%
Margaret Sanger
43.7%
Mary Baker Eddy
39.6%
Elizabeth Blackwell
32%
% Correct
Gertrude Ederle
28.5%
Janet Guthrie
27.9%
Joan Benoit
27.8%
Frances Perkins
25.6%
Manon Rheaume
22.1%
Junko Tabei
21.7%
Jeannette Rankin
19%
Alice Paul
16.1%
Sophie Blanchard
10.3%
Muriel Siebert
9.5%
Juliana Morrell
6.3%
Julia Morgan
5.6%

You're not logged in!

Compare scores with friends on all Sporcle quizzes.
Join for Free
OR
Log In

You Might Also Like...

Show Comments

Extras

Top Quizzes Today


Score Distribution

Your Account Isn't Verified!

In order to create a playlist on Sporcle, you need to verify the email address you used during registration. Go to your Sporcle Settings to finish the process.

Report this User

Report this user for behavior that violates our Community Guidelines.

Details: